| 000 | 02451nam0a2200481 4500 | ||
|---|---|---|---|
| 001 | RU\NLR\bibl\1997973 | ||
| 005 | 20260405074512.0 | ||
| 010 | _a978-5-89349-187-6 | ||
| 035 | _a(NLR Aleph) 001986340 | ||
| 090 |
_a4162146 _c4162146 |
||
| 100 | _a20130207d2012 |||y0rusy50 ca | ||
| 101 | 0 | _arus | |
| 102 | _aRU | ||
| 105 | _aa z ||||| | ||
| 106 | _as | ||
| 200 | 1 |
_aПрофессиональная речь учителя. Интонация _bЭлектронный ресурс _eучебное пособие _e[для студентов, преподавателей, учителей] _fО.В. Филиппова |
|
| 205 | _a2-е изд., стереотип. | ||
| 210 |
_aМосква _cФлинта _d2012 |
||
| 215 |
_a192 с. _cтабл. |
||
| 230 | _aЭлектрон. дан. | ||
| 300 | _aЗагл. с титул. экрана | ||
| 320 | _aБиблиогр.: с. 182-188 и в подстроч. примеч. | ||
| 325 | _aКопия доступна в Электрон. б-ке РНБ http://vivaldi.nlr.ru/bx000034211/view | ||
| 337 | _aРесурс доступен в Электронной библиотеке РНБ | ||
| 606 | 0 |
_aУчителя _jРуководства, пособия и т.п. _xПрофессиональная речь _92235173 _3RU\NLR\auth\661341440 |
|
| 606 | 0 |
_aУчителя _jУчебные издания _xПрофессиональная речь _92235173 _3RU\NLR\auth\661341440 |
|
| 606 | 0 |
_aРусский язык _jУчебные издания _xФонетика _91547668 _3RU\NLR\auth\66976537 |
|
| 606 | 0 | _aУчителя - Техника речи | |
| 606 | 0 | _aИнтонация в русском языке | |
| 606 | 0 | _aРусский язык - Орфоэпия | |
| 686 | _aЧ421.421 | ||
| 686 | _aШ141.12-923-1 | ||
| 700 | 1 |
_4070 _7ca _8rus _aФилиппова _bО. В. _cд-р пед. наук _f1964- _gОльга Викторовна _99329 _3RU\NLR\auth\7726286 |
|
| 801 | 0 |
_aRU _bNLR _c20130207 _gRCR |
|
| 801 | 1 |
_aRU _bNLR _c20130207 |
|
| 852 |
_aNLR _bЭБ |
||
| 942 | _cBOOK | ||
| 980 | _aNB | ||
| 981 | 1 | 3 |
_a(13) Документы, защищенные авторским правом _b(13) Современная научная, научно-популярная и популярная литература |